01018 a2200193 45000010006000000050017000060080041000230030015000640400040000790800035001192450039001540200018001932500012002112640096002233000017003195050366003361000027007028560095007292747220260407155549.0260407a2000 arg spa dAR-UNSa-BCEJYS aAR-UNSa-BCEJYSbspacAR-UNSa-BCEJYS a330.34xDesarrollo Económico10aEquidad, desarrollo y ciudadanía a958-682-194-3 a2a. ed. 1aSantiago de Chile :bCEPAL (Comisión Económica para América Latina y el Caribe)c2000 a3 v.c23 cm. aVol. I: Visión global: 1. El legado de los años noventa - 2. Equidad, desarrollo y ciudadanía: una visión global -- Vol. II: Agenda Social: 1. Principios de la política social y lucha contra la pobreza - 2. Educación para la equidad, la competitividad y la ciudadanía - 3. Empleo: equidad e institucionalidad - 4. Reformas y equidad -- Vol. III: 1 aOcampo, José Antonio41uhttps://biblioeco.unsa.edu.ar/pmb/images/libros/L117928.jpgyImagen de portadaqimage/jpeg